| LEADER |
00657nam0a2200181 450 |
| 001 |
16782229 |
| 010 |
|
|
|a 2081617145
|
| 100 |
|
|
|a 20020122d1980 u u0frey01 ba
|
| 200 |
0 |
|
|a Jonathan Livingston le goéland
|f Bach Richard
|g Franquin Gérard; Clostermann Pierre
|
| 207 |
|
1 |
|a
|
| 210 |
|
|
|a Paris
|b 26 rue Racine.
|c Flammarion
|d 1980
|
| 225 |
1 |
|
|a Castor poche
|x 0763-4544
|
| 700 |
|
0 |
|a Bach
|b Richard
|4 70
|
| 702 |
|
0 |
|a Franquin
|b Gérard
|f 1951-....
|4 70
|
| 702 |
|
0 |
|a Clostermann
|b Pierre
|4 440
|
| 900 |
|
|
|a Roman enfant
|
| 901 |
|
|
|a Réserve
|
| 995 |
|
|
|a Bibliothèque
|c Bibliothèque
|f 024005640
|h 024005640
|k E BAC
|o p
|q j
|r az
|u Vérifier la pastille sur la cote
|e Bibliothèque
|